Cotton future and farmers (Record no. 492725)

000 -LEADER
fixed length control field 00342cam a22001337a 4500
008 - FIXED-LENGTH DATA ELEMENTS--GENERAL INFORMATION
fixed length control field 180718b xxu||||| |||| 00| 0 eng d
082 ## - DEWEY DECIMAL CLASSIFICATION NUMBER
Classification number Z23 P288
100 ## - MAIN ENTRY--PERSONAL NAME
Personal name Pavaskar, Rama
245 ## - TITLE STATEMENT
Title Cotton future and farmers
Statement of responsibility, etc. by Rama Pavaskar
260 ## - PUBLICATION, DISTRIBUTION, ETC.
Place of publication, distribution, etc. Bombay
Name of publisher, distributor, etc. By Author
Date of publication, distribution, etc.
300 ## - PHYSICAL DESCRIPTION
Extent 8p.
650 ## - SUBJECT ADDED ENTRY--TOPICAL TERM
Topical term or geographic name entry element Cotton- marketing
650 ## - SUBJECT ADDED ENTRY--TOPICAL TERM
Topical term or geographic name entry element Cotton farmers
Holdings
Withdrawn status Lost status Damaged status Not for loan Permanent Location Current Location Date acquired Full call number Barcode Date last seen Price effective from Koha item type
        Indian Institute of Public Administration Indian Institute of Public Administration 2018-08-04 Z23 P288 GR16558 2018-08-04 2018-08-04 GR

Powered by Koha